Squadra della stagione della UEFA Champions League - Statistics

Statistiche generali
  • Questo quiz è stato fatto 41 volte
    22 dall'ultimo reset
  • Il punteggio medio è 168 su 189
Statistiche sulle risposte
Ruolo Nazione Squadra Calciatore % Corretto
Centrocampista Spagna Barcellona Andrés Iniesta
100%
Attaccante Paesi Bassi Bayern Monaco BArjen Robben
100%
Attaccante Portogallo Juventus | Real Madrid Cristiano Ronaldo
100%
Difensore Spagna Real Madrid Daniel Carvajal
100%
Difensore Uruguay Atlético Madrid | a Atlético Madrid Diego Godín
100%
Portiere Italia Juventus Gianluigi Buffon
100%
Centrocampista Spagna Atlético Madrid Koke
100%
Centrocampista Croazia Real Madrid Luka Modrić
100%
Portiere Germania Bayern Monaco Manuel Neuer
100%
Portiere Germania Barcellona Marc-André ter Stegen
100%
Attaccante Germania Borussia Dortmund Marco Reus
100%
Centrocampista Germania Bayern Monaco oni Kroos
100%
Difensore Germania Bayern Monaco Philipp Lahm
100%
Difensore Spagna Real Madrid Sergio Ramos
100%
Portiere Belgio Atlético Madrid | Real Madrid Thibaut Courtois
100%
Centrocampista Germania Real Madrid Toni Kroos
100%
Attaccante Svezia Paris Saint-Germain Zlatan Ibrahimović
100%
Portiere Brasile Liverpool | Roma Alisson
94%
Attaccante Spagna Juventus Álvaro Morata
94%
Centrocampista Italia Juventus Andrea Pirlo
94%
Attaccante Francia Atlético Madrid Antoine Griezmann
94%
Difensore Germania Chelsea | Real Madrid Antonio Rüdiger
94%
Centrocampista Bosnia ed Erzegovina Juventus Bandi Miralem Pjanić
94%
Centrocampista Brasile Real Madrid Casemiro
94%
Centrocampista Italia Juventus Claudio Marchisio
94%
Difensore Austria Bayern Monaco David Alaba
94%
Attaccante Spagna Atlético Madrid Diego Costa
94%
Portiere Brasile Manchester City Ederson
94%
Attaccante Bosnia ed Erzegovina Roma Edin Džeko
94%
Attaccante Norvegia Borussia Dortmund | Manchester City Erling Haaland
94%
Attaccante Galles Real Madrid Gareth Bale
94%
Difensore Italia Juventus Giorgio Chiellini
94%
Centrocampista Germania Manchester City İlkay Gündoğan
94%
Centrocampista Croazia Barcellona Ivan Rakitić
94%
Portiere Slovenia Atlético Madrid Jan Oblak
94%
Difensore Argentina Barcellona Javier Mascherano
94%
Centrocampista Italia Chelsea Jorginho
94%
Attaccante Francia Real Madrid Karim Benzema
94%
Centrocampista Belgio Manchester City Kevin De Bruyne
94%
Portiere Costa Rica Real Madrid Keylor Navas
94%
Attaccante Francia Monaco | Paris Saint-Germain Kylian Mbappé
94%
Difensore Italia Juventus Leonardo Bonucci
94%
Attaccante Argentina BandBarcellona | Barcellona Lionel Messi
94%
Attaccante Uruguay Barcellona Luis Suárez
94%
Difensore Paesi Bassi Ajax Matthijs de Ligt
94%
Attaccante Egitto Liverpool Mohamed Salah
94%
Attaccante Brasile Barcellona | Paris Saint-Germain Neymar
94%
Centrocampista Francia Chelsea N'Golo Kanté
94%
Difensore Portogallo Real Madrid Pepe
94%
Attaccante Polonia Bandiera | Bayern Monaco Robert Lewandowski
94%
Attaccante Brasile Liverpool Roberto Firmino
94%
Attaccante Senegal Liverpool Sadio Mané
94%
Difensore Paesi Bassi Liverpool Virgil van Dijk
94%
Difensore Italia Inter Alessandro Bastoni
88%
Difensore Scozia Liverpool Andrew Robertson
88%
Attaccante Portogallo Manchester City Bernardo Silva
88%
Centrocampista Brasile Ajax David Neres
88%
Attaccante Serbia Ajax Dušan Tadić
88%
Difensore Italia Inter Federico Dimarco
88%
Centrocampista Paesi Bassi Ajax Frenkie de Jong
88%
Centrocampista Spagna Atlético Madrid Gabi
88%
Difensore Spagna Barcellona Gerard Piqué
88%
Centrocampista Marocco Ajax Hakim Ziyech
88%
Attaccante Inghilterra Bayern Monaco Harry Kane
88%
Centrocampista Inghilterra Manchester City hil Foden
88%
Centrocampista Spagna Real Madrid Isco
88%
Centrocampista Colombia Bayern Monaco James Rodríguez
88%
Difensore Spagna Barcellona Jordi Alba
88%
Centrocampista Inghilterra Real Madrid Jude Bellingham
88%
Difensore Inghilterra Manchester City Kyle Walker
88%
Difensore Brasile Real Madrid Marcelo
88%
Centrocampista | Difensore Brasile Paris Saint-Germain Marquinhos
88%
Attaccante Inghilterra Manchester City Phil Foden
88%
Attaccante | Centrocampista Inghilterra Manchester City Raheem Sterling
88%
Difensore Francia Real Madrid Raphaël Varane
88%
Centrocampista Spagna Manchester City Rodri
88%
Difensore Portogallo Manchester City Rúben Dias
88%
Centrocampista Spagna Barcellona Sergio Busquets
88%
Difensore Inghilterra Liverpool Trent Alexander-Arnold
88%
AAttaccante | Attaccante Brasile Real Madrid Vinícius
88%
Centrocampista Argentina Real Madrid Ángel Di María
81%
Difensore Spagna Chelsea César Azpilicueta
81%
Portiere Senegal Chelsea Edouard Mendy
81%
Difensore Belgio Tottenham Jan Vertonghen
81%
Attaccante Brasile Tottenham Lucas Moura
81%
Difensore Germania Borussia Dortmund Mats Hummels
81%
Difensore Brasile Paris Saint-Germain Thiago Silva
81%
Centrocampista Portogallo Paris Saint-Germain Vitinha
81%
Centrocampista Spagna Real Madrid Xabi Alonso
81%
Centrocampista Argentina Atalanta Alejandro Gómez
75%
Difensore Canada Bayern Monaco Alphonso Davies
75%
Difensore Serbia Chelsea Branislav Ivanović
75%
Centrocampista Inghilterra Manchester City John Stones
75%
Centrocampista Austria Borussia Dortmund | RB Lipsia Marcel Sabitzer
75%
Centrocampista Inghilterra Chelsea Mason Mount
75%
Centrocampista Francia Tottenham Moussa Sissoko
75%
Centrocampista Spagna Bayern Monaco Thiago
75%
Centrocampista Germania Bayern Monaco Thomas Müller
75%
Centrocampista Brasile Liverpool Fabinho
69%
Centrocampista Paesi Bassi Liverpool Georginio Wijnaldum
69%
Portiere Svizzera Borussia Dortmund Gregor Kobel
69%
Attaccante Germania Bayern Monaco Serge Gnabry
69%
Difensore Spagna Atlético Madrid Juanfran
63%
Centrocampista Germania Bayern Monaco Leon Goretzka
63%
Difensore Spagna RB Lipsia Angeliño
56%
Difensore Francia RB Lipsia Dayot Upamecano
56%
Difensore Germania Bayern Monaco Joshua Kimmich
56%
Centrocampista Francia Monaco Tiémoué Bakayoko
56%
Difensore Paesi Bassi Borussia Dortmund Ian Maatsen
50%
Portiere Portogallo Olympique Lione Anthony Lopes
38%
Difensore Inghilterra Chelsea Ben Chilwell
38%
Centrocampista Portogallo Porto Sérgio Oliveira
38%
Centrocampista Francia Olympique Lione Tanguy Ndombele
31%
Centrocampista Francia Olympique Lione Houssem Aouar
19%
Nessun quiz corrispondente trovato
Distribuzione punteggi
Percentuale di utenti per punteggio
Percentile per numero di risposta
I tuoi punteggi nel tempo
Non hai fatto questo quiz dall'ultimo reset